000
00345 a2200157 4500
001
156456
020
_a
9788544610459
040
_c
Escola São Tomás de Aquino
100
_a
PIRES, Célia Maria Carolina
240
1
0
_a
Matemática
_l
por
245
1
0
_a
Matemática
300
_a
215
362
0
_a
2017
697
_a
MATEMÁTICA
942
_c
BK
999
_c
156456
_d
156456